Urban Rent Restriction Ordinance (VI of 1959) / (Record no. 615976)
[ view plain ]
| 000 -LEADER | |
|---|---|
| fixed length control field | 00348nam a22001217a 4500 |
| 082 ## - DEWEY DECIMAL CLASSIFICATION NUMBER | |
| Classification number | 346.549104344 |
| Author Mark | AWA |
| 100 ## - MAIN ENTRY--PERSONAL NAME | |
| Personal name | Awan, Iqbal Mahmood |
| 245 ## - TITLE STATEMENT | |
| Title | Urban Rent Restriction Ordinance (VI of 1959) / |
| Statement of responsibility, etc. | Iqbal Mahmood Awan |
| 260 ## - PUBLICATION, DISTRIBUTION, ETC. | |
| Place of publication, distribution, etc. | Lahore : |
| Name of publisher, distributor, etc. | Mansoor Book House, |
| Date of publication, distribution, etc. | N.A. |
| 300 ## - PHYSICAL DESCRIPTION | |
| Extent | 144 p. ; |
| Dimensions | 24 CM. |
| 563 ## - BINDING INFORMATION | |
| Binding note | HB. |
| 942 ## - ADDED ENTRY ELEMENTS (KOHA) | |
| Source of classification or shelving scheme | |
| Koha item type | Book |
| Withdrawn status | Lost status | Source of classification or shelving scheme | Damaged status | Not for loan | Permanent Location | Current Location | Date acquired | Source of acquisition | Total Checkouts | Full call number | Barcode | Date last seen | Price effective from | Koha item type |
|---|---|---|---|---|---|---|---|---|---|---|---|---|---|---|
| NUST Law School (NLS) | NUST Law School (NLS) | 02/02/2026 | Donated by Fahad Hashmi Account Officer S3H & NLS | 346.549104344 AWA | NLSD-376 | 02/02/2026 | 02/02/2026 | Book |
